Responses for Show #4502 - Tuesday, March 16, 2004

Steve Reynolds game 2.

Contestants

[<< previous game]

Jennifer Thorne, an energy efficiency analyst from Washington, D.C.

Nick Gebelt, an attorney from Whittier, California

Steve Reynolds, an accountant from Norman, Oklahoma (whose 1-day cash winnings total $24,401)

[next game >>]

Jeopardy! Round responses

ANCIENT ROMANS
HALF A NICE DAY
ON THE WATER
STORIED HOTELS
(Alex: A whole category that is nothing but...)
UTTER NONSENSE
"E"PICS
    $200 6
Julius Caesar

Nick
    $200 24
8

Jennifer
    $200 11
Chicken

Steve
    $200 21
Agatha Christie

Jennifer
    $200 1
the Blarney Stone

Jennifer
    $200 16
(Alex: Correctamente!)

Evita

Nick
    $400 7
(Mount) Vesuvius

Nick
    $400 25
(Steve: What is a megabyte?)
(Jennifer: What is a gigabyte?)
...
(Alex: Less than a minute to go now.)

bit

SteveNickJennifer
    $400 12
an oil tanker

Nick
    $400 22
Dracula

Triple Stumper
    $400 2
Bologna

Steve
    $400 17
Exodus

Steve
    $2,000 8
(Nick: Who is Claudius?)

Nero

Nick
    $600 26
oysters

Steve
    $600 13
(Nick: What is a catamaran?)
...
(Alex: Catamaran has the two hulls.)

outrigger

Nick
Triple Stumper
    $600 23
Henry James

Triple Stumper
    $600 3
a bunk bed

Nick
    $600 18
Easter Parade

Triple Stumper
    $800 9
Caligula

Jennifer
    $800 27
(Nick: What is 14?)
(Jennifer: What is 24?)
...
(Alex: 24 is pure gold, [*] is half.)

12

SteveNickJennifer
    $800 14
the mizzenmast

Jennifer
    $800 29
The Hotel New Hampshire

Steve
    $800 4
(the Tower of) Babel

Nick
    $800 19
Eraserhead

Nick
    $1000 10
(Jennifer: Who is Ovid?)

Cicero

NickJennifer
    $1000 28
50 Cent

Steve
    $1000 15
steerage

Nick
    $1000 30
The Bell Jar

Steve
    $1000 5
hot air

Nick
    $1000 20
Eight Men Out

Steve

Scores at the first commercial break (after clue 15):

Steve Nick Jennifer
$600 $2,800 $800

Scores at the end of the Jeopardy! Round:

Steve Nick Jennifer
$5,800 $3,400 $0

Double Jeopardy! Round responses

STATES BY CITIES & TOWNS
(Alex: We'll give you the cities & towns.)
THE STANLEY CUP
FEMINISM
"ME"DICINE
(Alex: Each response will be 2 words, anagrams of each other in...)
ANAGRAMMED RESPONSES
EPICS
    $400 1
Missouri

Nick
    $400 26
(Steve: What is Maple Leaf Arena?)

the Hockey Hall of Fame

Steve
Triple Stumper
    $400 16
women's studies

Nick
    $400 6
(Steve: What is the meniscus?)

membrane

SteveJennifer
    $400 21
Angels/angles

Nick
    $400 11
The Aeneid

Nick
    $800 2
Wisconsin

Nick
    $800 27
(Alex: Not big hockey fans on our program today as contestants!)
[The end-of-round signal sounds.]

Montreal

Triple Stumper
    $800 17
slavery

Triple Stumper
    $800 7
menopause

Nick
    $800 22
grin/ring

Jennifer
    $800 12
The Faerie Queene

Nick
    $1200 3
South Carolina

Triple Stumper
    $1200 18
(Nick: What is marriage?)

Motherhood

Nick
Triple Stumper
    $1200 8
methadone

Jennifer
    $1200 23
(Nick: What are Macy's and "Y.M.C.A."?)
...
(Alex: Less than a minute now.)

Macy/"Y.M.C.A."

NickJennifer
    $2,600 13
Brunhilde

Nick
    $1600 4
(Jennifer: What is Colorado?)

Florida

Jennifer
Triple Stumper
    $1600 19
Afghanistan

Steve
    $1,000 9
melanin

Jennifer
    $1600 24
warts/straw

Jennifer
    $1600 14
Paradise Lost

Nick
    $2000 5
(Nick: What is North Dakota?)
(Steve: What is South Dakota?)

Nebraska

SteveNick
Triple Stumper
    $2000 20
1920

Steve
    $2000 10
metastasis/metastasize

Nick
    $2000 25
Thing/night

Triple Stumper
    $2000 15
The Epic of Gilgamesh

Triple Stumper

Scores at the end of the Double Jeopardy! Round:

Steve Nick Jennifer
$6,600 $9,200 $4,600

[wagering suggestions for these scores]

Final Jeopardy! Round responses

MUSICAL THEATRE
JenniferWhat is ?
$4,600
SteveWhat is The Fantasticks?
$6,600
NickWhat is Oh Calcutta
$4,001
The Fantasticks

Final scores:

Steve Nick Jennifer
$13,200 $5,199 $0
2-day champion: $37,601 2nd place: $2,000 3rd place: $1,000

Game dynamics:

Coryat scores:

Steve Nick Jennifer
$6,600 $9,800 $5,200
11 R,
4 W
21 R
(including 1 DD),
6 W
(including 1 DD)
11 R
(including 1 DD),
4 W

Combined Coryat: $21,600

[game clues] [game scores] [suggest correction]

Game tape date: 2003-12-10
The J! Archive is created by fans, for fans. Scraping, republication, monetization, and malicious use prohibited; this site may use cookies and collect identifying information. See terms. The Jeopardy! game show and all elements thereof, including but not limited to copyright and trademark thereto, are the property of Jeopardy Productions, Inc. and are protected under law. This website is not affiliated with, sponsored by, or operated by Jeopardy Productions, Inc. Join the discussion at JBoard.tv.